000
00212 a2200097 4500
001
35021
100
_a
Gupta IC
245
_a
Engineering Metrology
260
_a
ND
_b
Dhanpat Rai & Sons
_c
090
_c
23170
_d
23170
942
_a
NUST-CAE
_c
M
_c
14637
999
_c
270094
_d
270094